গল্পকল্প ও বাঁচামরার জীবন / (Record no. 939)
[ view plain ]
| 000 -LEADER | |
|---|---|
| fixed length control field | 00750nam a22002297a 4500 |
| 001 - CONTROL NUMBER | |
| JCCL Control Number | 939 |
| 003 - CONTROL NUMBER IDENTIFIER | |
| JCCL marc code | BD-JhCC |
| 005 - DATE AND TIME OF LATEST TRANSACTION | |
| control field | 20171011190001.0 |
| 008 - FIXED-LENGTH DATA ELEMENTS--GENERAL INFORMATION | |
| fixed length control field | 171011s2005 bg |||| |||| 000 0 ben d |
| 020 ## - INTERNATIONAL STANDARD BOOK NUMBER | |
| International Standard Book Number | 9848683666 |
| 035 ## - SYSTEM CONTROL NUMBER | |
| system control number | (BD-JhCC)939 |
| 040 ## - CATALOGING SOURCE | |
| Original cataloging agency | BD-JhCC |
| Modifying agency | BD-JhCC |
| 041 ## - LANGUAGE CODE | |
| Language code of Book | ben |
| 082 ## - DEWEY DECIMAL CLASSIFICATION NUMBER | |
| Classification number | 891.4435 |
| Author mark and Year | DAT 2005 |
| 100 ## - MAIN ENTRY--PERSONAL NAME | |
| Personal name | দত্ত, জ্যোতিপ্রকাশ |
| 245 ## - TITLE STATEMENT | |
| Title | গল্পকল্প ও বাঁচামরার জীবন / |
| Statement of responsibility, etc | জ্যোতিপ্রকাশ দত্ত |
| 260 ## - PUBLICATION, DISTRIBUTION, ETC. (IMPRINT) | |
| Place of publication, distribution, etc | ঢাকা: |
| Name of publisher, distributor, etc | অন্যপ্রকাশ, |
| Date of publication, distribution, etc | ২০০৫. |
| 300 ## - PHYSICAL DESCRIPTION | |
| Pagination | ৭৮ পৃ : |
| Dimensions | ২২ সেমি. |
| 650 ## - SUBJECT ADDED ENTRY--TOPICAL TERM | |
| Topical term or geographic name as entry element | Bengali Short Story |
| 942 ## - ADDED ENTRY ELEMENTS (KOHA) | |
| Source of classification or shelving scheme | Dewey Decimal Classification |
| Koha item type | Books |
| Source of classification or shelving scheme | Damaged status | Not for loan | Home library | Current library | Shelving location | Date of accession | Source of acquisition | Cost, normal purchase price | Total Checkouts | Full call number | Barcode | Date last seen | Copy number | Koha item type |
|---|---|---|---|---|---|---|---|---|---|---|---|---|---|---|
| Dewey Decimal Classification | JCC Rouf Library | JCC Rouf Library | General Stacks | 10/11/2017 | 10 Efforts Foundation | 60.00 | 891.4435 DAT 2005 | 1925 | 10/11/2017 | C-1 | Books |